Регионална библиотека "Любен Каравелов" - Русе

Ухан - какво остана покрито (Запис номер 521335)

MARC детайли
000 -Лидер
Лидер 01775nam a2200325 a 4500
003 - Код на организацията, давaща контролен номер
Код на организацията, даваща контролен номер BLK
005 - Дата и час на последна редакция
Дата и час на последна редакция 20250325124210.0
008 - Елементи от данни с фиксирана дължина
Елементи с фиксирана дължина 241106b bul|||||r ||||||| ||bul||
020 ## - Международен стандартен номер на книга ISBN
ISBN 9786190114888
040 ## - Източник на каталожния запис
Код на библиотеката BLK
041 ## - Код за език
Език Български
Език за КДБФ Български
080 ## - УДК
УДК текст Разпространяване на научните знания - популяризиране на науката, занимателна наука, учение за явленията научно необяснени, заблуждения и фалшификации, илюзии и др. п., секретност на научните знания
УДК код 001.9
УДК – код + определител 001.9
080 ## - УДК
УДК текст Епидемии. Епидемиология
УДК код 616-036.22
УДК – код + определител 616-036.22
084 ## - Класификационен индекс по друга класификация
Авторски знак Кел - К 50
100 ## - Редна дума - Автор
Автор Кенеди, Робърт Франсис, младши
R(LIN) 486667
245 10 - Сведения за заглавието
Заглавие Ухан - какво остана покрито
Подзаглавни данни Ковид-19 и историята на биооръжията
Авторска отговорност Робърт Кенеди ; прев. от англ. Юлия Гешакова
257 ## - Страна на издаване
Страна на създаване/издаване Съединени американски щати
260 ## - Област на издателските данни
Място на издаване София
Име на издателя Катехон
Година на издаване 2024
9 (RLIN) 468803
Печатница София : Изток-Запад
Издателство - префикс ISBN 97861901
300 ## - Физическа характеристика
Брой страници 510 с.
Размер 24 см
380 ## - Жанр
Жанр Общ отдел
500 ## - Общи забележки
Обща забележка Ориг. загл.: The Wuhan Cover-Up / Robert F. Kennedy Jr. - Речник на термините
650 #7 - Допълнително описание по предмет – тема
Предметна рубрика Конспиративни теории
9 (RLIN) 159179
650 #7 - Допълнително описание по предмет – тема
Предметна рубрика Епидемии
9 (RLIN) 154974
653 #0 - Ключова дума – ненормативна
Ключови думи Ковид-19
9 (RLIN) 479792
700 1# - Други автори (авторска отговорност)
Друг автор Гешакова, Юлия
9 (RLIN) 53868
Пълното име на др. автор Тошева, Юлия Божидарова
852 ## - Местоположение
Отдел Заемна - подръчен фонд
Систематично-азбучна сигнатура 001.9/К 50 Р
942 ## - АРТИКУЛИ
Вид на библиотечния документ Книги
Скрит в OPAC Не
Периодичен библиозапис Да
Koha issues (borrowed), all copies 7
944 ## - СЪЗДАВАНЕ И РЕДАКЦИЯ на ЗАПИСА
Създаване/Редакция
Служител, извършил регистрацията/редакцията 30575
Дата на регистрацията/редакция Геновева Генчева
Номер на служител Мартин Енчев
999 ## - СИСТЕМНИ КОНТРОЛНИ НОМЕРА
Koha biblionumber 521335
Koha biblioitemnumber 521335
Наличности
Код за отписване Код за изгубен артикул Източник на класификационната схема Код за повреда Код за отдаване Артикулен № Име на библиотеката - собственик Име на библиотеката, в която се намира в момента Статус (Текущо местоположение) Дата на вписване в системата Местоположение - отдел Цена в лева Инвентарен номер Систематично азбучна сигнатура Баркод Цена в евро Служебен тип на артикула
  Не е изгубен Universal Decimal Classification Не е повреден заемане за дома 954154 Регионална библиотека "Любен Каравелов" Русе Регионална библиотека "Любен Каравелов" Русе Заемна - подръчен фонд 2024-11-07 Заемна - подръчен фонд 33.67 120000914862 001.9/К 50 Р 120000914862 17.22 Книги
Vip Innovations Ltd, Rousse, Bulgaria 2025